000 00478nam a2200181Ia 4500
008 240925s9999 xx 000 0 und d
020 _a9789332587601
082 _a339.01 BLA
100 _aBlanchard, Olivier ; Johnson, David R.
245 0 _aMacroeconomics
250 _a6th
260 _aNew Delhi:
_bPearson Education
_c,2017.
300 _axv,535p.
_bNA
_fOriginal
500 _aIncludes Index
600 _aSocial Sciences
650 _aSocial Sciences
942 _cBK
999 _c14636
_d14636